banner-ar

جوهر القائد : (Record no. 61440)

MARC details
000 -الفاتح
حقل البيانات ثابتة الطول 00860nam a22002297a 4500
005 - وقت وتاريخ اخر تعامل مع التسجيلة
رقم الضبط 20240530110459.0
008 - عناصر البيانات ثابتة الطول - معلومات عامة
حقل البيانات ثابتة الطول 150622s2011 ua g b 000 0bara d
017 ## - رقم الايداع القانونى
رقم الايداع القانونى 2010/14856
المصدر ( الهيئة المختصة) مصر . دار الكتب المصرية
040 ## - مصدر الفهرسة
وكالة الفهرسة الأصلية EG-CaGPL
082 04 - رقم تصنيف ديوى العشرى
رقم الطبعة 21
رقم التصنيف 953.0738
رقم المادة ق/س ج
100 0# - المدخل الرئيسى - إسم شخصى
الإسم الشخصى ساهر رافع
245 10 - بيان العنوان
العنوان جوهر القائد :
بقية العنوان مؤسس الدولة الفاطمية فى مصر /
بيان المسئوليه,etc تاليف ساهر رافع
250 ## - بيان الطبعة
بيان الطبعة ط1
260 ## - PUBLICATION, DISTRIBUTION, ETC. (IMPRINT)
تاريخ النشر أو التوزيع 2011 .
300 ## - الوصف المادى
التعداد 159 ص ؛
أبعاد الوعاء 24 سم
504 ## - تبصرة ببليوجرافية
تبصرة ببليوجرافية,الخ يشتمل على ارجاعات ببليوجرافية
600 04 - المدخل الاضافى بالموضوع-اسم شخصى
الإسم الشخصى جوهر القائد
650 04 - المدخل الاضافى بالموضوع-مصطلح موضوعى
مصطلح موضوعي الملوك والحكام
650 04 - المدخل الاضافى بالموضوع-مصطلح موضوعى
مصطلح موضوعي الدولة الفاطمية
942 ## - عناصر المدخل الإضافي( كوها)
مصدر التصنيف او مخطط الترفيف Dewey Decimal Classification
Koha [default] item type كتاب
260 ## - PUBLICATION, DISTRIBUTION, ETC. (IMPRINT)
-- القاهرة :
-- الدار العالمية للكتب و النشر ،
Holdings
حالة التراجع حالة الفقد حالة تلف ليس للاعارة المكان المؤقت الموقع الحالى تاريخ الاكتساب اجمالي اﻻعارات رقم الطلب الباركود تاريخ اخر مشاهدة تاريخ تفعيل السعر نوع وعاء كوها
        مكتبة القاهرة الكبرى مكتبة القاهرة الكبرى 06/22/2015   953.0738 ق/س ج 160737 06/22/2015 06/22/2015 كتاب

Powered By

EGPV